Gaming Quiz

Random Gaming or Pokémon Quiz

Gym Leaders in Pokemon Red/Blue/Green Quiz Stats

 Plays Quiz not verified by Sporcle

Challenge
Share
Tweet
Embed
Score 0/13 Timer 04:00
0 Plays Today
% Correct
Brock
99.3%
Misty
99%
Lt. Surge
91.8%
Gary
89.7%
Giovanni
87.7%
Sabrina
87%
Blaine
83.7%
Lance
82.5%
Erika
82%
Koga
80.4%
Bruno
76.3%
Agatha
75%
Lorelei
62.8%

You're not logged in!

Compare scores with friends on all Sporcle quizzes.
OR
Log In

You Might Also Like...

Show Comments

Extras

Top Quizzes Today


Score Distribution

Your Account Isn't Verified!

In order to create a playlist on Sporcle, you need to verify the email address you used during registration. Go to your Sporcle Settings to finish the process.

Report this User

Report this user for behavior that violates our Community Guidelines.

Details: